Welcome to CU Library Online Public Access Catalogue (OPAC)

Study Guide to Accompany Schiller Essentials of Economics/ (Record no. 8978)

MARC details
000 -LEADER
fixed length control field 00515nam a22001697a 4500
005 - DATE AND TIME OF LATEST TRANSACTION
control field 20260312164103.0
008 - FIXED-LENGTH DATA ELEMENTS--GENERAL INFORMATION
fixed length control field 260312b |||||||| |||| 00| 0 eng d
020 ## - INTERNATIONAL STANDARD BOOK NUMBER
International Standard Book Number 9780070572508
050 ## - LIBRARY OF CONGRESS CALL NUMBER
Classification number HB171.5 SCH
100 ## - MAIN ENTRY--PERSONAL NAME
Personal name Ziegler, Lawrence F.
245 ## - TITLE STATEMENT
Title Study Guide to Accompany Schiller Essentials of Economics/
Statement of responsibility, etc. Lawrence F. Ziegler & Linda Wilson
250 ## - EDITION STATEMENT
Edition statement 2nd ed.
260 ## - PUBLICATION, DISTRIBUTION, ETC.
Place of publication, distribution, etc. New York
Name of publisher, distributor, etc. McGraw-Hill
Date of publication, distribution, etc. 1996
300 ## - PHYSICAL DESCRIPTION
Extent ix. 250p.
Other physical details ill.
Dimensions 27.5cm
700 ## - ADDED ENTRY--PERSONAL NAME
Personal name Wilson, Linda
942 ## - ADDED ENTRY ELEMENTS (KOHA)
Source of classification or shelving scheme Library of Congress Classification
Koha item type Books
Edition 2nd ed.
Suppress in OPAC No
999 ## -
-- 8978
-- 8978
Holdings
Withdrawn status Lost status Source of classification or shelving scheme Damaged status Not for loan Collection Home library Current library Shelving location Date acquired Total checkouts Full call number Barcode Date last seen Copy number Price effective from Koha item type
    Library of Congress Classification     Non-fiction Business Library (Miotso) Business Library (Miotso) General stacks 03/12/2026   HB171.5 SCH BSSM00002622 03/12/2026 1 03/12/2026 Books
    Library of Congress Classification     Non-fiction Business Library (Miotso) Business Library (Miotso) General stacks 03/12/2026   HB171.5 SCH BSSM00002623 03/12/2026 2 03/12/2026 Books
    Library of Congress Classification     Non-fiction Business Library (Miotso) Business Library (Miotso) General stacks 03/12/2026   HB171.5 SCH BSSM00002624 03/12/2026 3 03/12/2026 Books
    Library of Congress Classification     Non-fiction Business Library (Miotso) Business Library (Miotso) General stacks 03/12/2026   HB171.5 SCH BSSM00002625 03/12/2026 4 03/12/2026 Books
© 2023-2024 Copyright: Central University Libraries. All Rights Reserved | Created by: Mahone Tech Office